Statistics for Countries With 1 Million Population Growth

Click here to take the quiz!

General Stats

  • This quiz has been taken 992 times
  • The average score is 15 of 19

Answer Stats

GrowthCountry% Correct
6.61 milChina
99%
15.76 milIndia
99%
2.32 milUnited States
95%
1.77 milBrazil
94%
3.11 milIndonesia
91%
4.73 milNigeria
91%
1.63 milMexico
90%
3.88 milPakistan
90%
1.92 milBangladesh
84%
1.93 milEgypt
83%
2.39 milDemocratic Republic
of the Congo
82%
2.43 milEthiopia
79%
1.14 milTurkey
73%
1.02 milVietnam
73%
1.56 milPhilippines
72%
1.19 milKenya
69%
1.65 milTanzania
68%
1.15 milIraq
57%
1.25 milUganda
57%

Score Distribution

Percentile by Number Answered

Percent of People with Each Score

Your Score History

You have not taken this quiz